000
00329nam a22001217a 4500
005
20250821090638.0
008
250821b |||||||| |||| 00| 0 eng d
082
_a
005
_b
ZHA-M
100
_a
Zhang and Sheng
245
_a
Managing Data From Knowledge Bases: Querying and Extraction
650
_a
Computer Science & IT
999
_c
37045
_d
37045